| 000 | 00610nam a2200181 i 4500 | ||
|---|---|---|---|
| 001 | 149779 | ||
| 003 | ES-MaACL | ||
| 005 | 20250704194057.0 | ||
| 007 | t| | ||
| 008 | 071024s1973 sp ||||1| spa d | ||
| 100 | 1 |
_aValverde, Isidoro. _9113005 |
|
| 245 | 1 | 1 |
_a"El cantón murciano" _b: órgano oficial de la Federación / _cIsidoro Valverde ; prólogo de Pedro Gómez Aparicio. |
| 260 |
_aCartagena : _b[Ayuntamiento], _c1973. |
||
| 300 |
_a138 p. : _bil. ; _c19 cm. |
||
| 700 | 1 |
_aGómez Aparicio, Pedro, _d1903-1983 _957818 |
|
| 852 |
_aES-MaACL _jC-54385 _bR.87262 |
||
| 999 |
_c149779 _d149779 |
||